000 00744nam a22002057a 4500
005 20251108164829.0
008 250721s1995 xx 000 0 ara d
082 1 4 _a371.28/سام
100 1 _aفخري، سامية
245 1 0 _aدليلك إلى التفوق في الثانوية العامة :
_bدراسة سيكوفسيولوجية /
264 1 _aالقاهرة :
_bالهيئة المصرية العامة للكتاب،
_c1995.
300 _a107ص
490 0 _aالعلم و الحياة ؛ 56
650 1 7 _aعلم النفس التربوي
650 1 7 _aالنجاح
650 1 7 _aالإختبارات و القياسات التربوية
650 1 7 _aالتقييم التربوي
942 _2ddc
_cBK
999 _c15378
_d15378